Dairy science and technology / (Record no. 132213)

MARC details
000 -LEADER
fixed length control field 00707nam a22002297a 4500
005 - DATE AND TIME OF LATEST TRANSACTION
control field 20170124110151.0
010 ## - LIBRARY OF CONGRESS CONTROL NUMBER
LC control number B-227438
020 ## - INTERNATIONAL STANDARD BOOK NUMBER
Terms of availability 700.00
International Standard Book Number 9788189000462
035 ## - SYSTEM CONTROL NUMBER
System control number B-227438
037 ## - SOURCE OF ACQUISITION
Source of stock number/acquisition Cen Lib/Ret
040 ## - CATALOGING SOURCE
Original cataloging agency DPL
Language of cataloging EN
082 ## - DEWEY DECIMAL CLASSIFICATION NUMBER
Classification number 637.1
Item number KAP
100 ## - MAIN ENTRY--PERSONAL NAME
Personal name Kapoor, Ajay
9 (RLIN) 34042
245 ## - TITLE STATEMENT
Title Dairy science and technology /
Statement of responsibility, etc by Ajay Kapoor
260 ## - PUBLICATION, DISTRIBUTION, ETC. (IMPRINT)
Place of publication, distribution, etc New Dlehi
Name of publisher, distributor, etc Vishvabharti Publications
Date of publication, distribution, etc 2005
270 ## - ADDRESS
Address 4378/4B, Ansari Road Darya Ganj
City New Delhi
Postal code 110002
300 ## - PHYSICAL DESCRIPTION
Extent 297p.
Dimensions 21cmHb)
500 ## - GENERAL NOTE
General note Includes bibliographical reference and index
650 ## - SUBJECT ADDED ENTRY--TOPICAL TERM
Topical term or geographic name as entry element Dairy processing
9 (RLIN) 34043
650 ## - SUBJECT ADDED ENTRY--TOPICAL TERM
Topical term or geographic name as entry element Dairy products
9 (RLIN) 34044
942 ## - ADDED ENTRY ELEMENTS (KOHA)
Source of classification or shelving scheme Dewey Decimal Classification
Koha item type English Books
Classification part 637.1
Call number suffix KAP
Holdings
Withdrawn status Lost status Damaged status Not for loan Home library Current library Date acquired Source of acquisition Cost, normal purchase price Total Checkouts Full call number Barcode Date last seen Date checked out Copy number Cost, replacement price Price effective from Koha item type
        Central Library Central Library 21/07/2015 Cen Lib/Ret 700.00 1 637.1 KAP B-227438 03/10/2017 20/09/2017 1 700.00 21/07/2015 English Books

© Delhi Public Library
Hit Counter
free hit counter